000 00670nam a2200253Ia 4500
003 OSt
005 20220918163331.0
006 a|||||r|||| 00| 0
007 ta
008 220917b |||||||| |||| 00| 0 eng d
020 _a0 571 10857 1
024 _a32,407
037 _cTextual
040 _aARTS
_cARTS
_beng
041 _2eng
_aeng
082 _aO111,2N291,8, L5
100 _aOsborne John
_912711
245 0 _aEnd of me old cigar
_b A play
260 _aLondon
_bFaber and Faber UK
_c1975
300 _a79p.
_ccm.
650 _aENGLISH LITERATURE
942 _hO111,2N291,8, L5
_cTEXL
_2CC
999 _c119136
_d119136